00341cam a2200145ua 4500020000900000041001000009082001900019100001800038245006600056250001200122260003500134300001200169365000900181504000500190 c1.50 ahinh a891.54bBAC/PR aBachchan, . aPrarambhik rajanayem, Part 1 / cBachchan.hTextual Documents a2 / b. a : bBharati Bhandar , c1946. a126 ; . a1.50 a